[Event "Titled Tuesday intern op 12th Sep Late"]
[Site "Chess.com INT"]
[Date "2023.09.12"]
[Round "8"]
[White "Rottenwohrer Suarez, Juan"]
[Black "Schmidt, Harald"]
[Result "1-0"]
[WhiteElo "2281"]
[BlackElo "2343"]
[PlyCount "97"]
[EventDate "2023.09.12"]
[EventType "swiss (blitz)"]
[EventRounds "11"]
[EventCountry "USA"]
[SourceTitle "EXT 2024"]
[Source "ChessBase"]
[SourceDate "2023.10.10"]
[SourceVersion "1"]
[SourceVersionDate "2023.10.10"]
[SourceQuality "1"]

1. d4 Nf6 2. c4 e6 3. f3 d5 4. Nc3 Be7 5. e4 dxe4 6. fxe4 e5 7. d5 0-0 8. Nf3 Bb4 9. Bg5 Nbd7 10. Bd3 c6 11. 0-0 h6 12. Bh4 g5 13. Bg3 Qe7 14. Kh1 Nh5 15. Bxe5 Nxe5 16. Nxe5 Ng3+ 17. hxg3 Qxe5 18. Qf3 Kg7 19. Ne2 h5 20. a3 Bc5 21. b4 Bg4 22. bxc5 Bxf3 23. gxf3 b6 24. cxb6 axb6 25. Kg2 b5 26. dxc6 bxc4 27. Bxc4 Qc5 28. Bd5 Rxa3 29. Rxa3 Qxa3 30. Rc1 Qe3 31. Rc2 Qd3 32. Ra2 g4 33. f4 h4 34. gxh4 Qf3+ 35. Kg1 g3 36. Nxg3 Qxg3+ 37. Rg2 Qxg2+ 38. Kxg2 Kf6 39. Kg3 Ke7 40. Kg4 Kd6 41. Kf5 Rh8 42. Kg5 Rg8+ 43. Kf6 Rh8 44. Kxf7 Rxh4 45. f5 Rh7+ 46. Kg6 Rh1 47. f6 Rg1+ 48. Kf7 Ke5 49. Ke7 1-0

[Event "Titled Tuesday intern op 18th Apr Late"]
[Site "Chess.com INT"]
[Date "2023.04.18"]
[Round "1"]
[White "Al Hosani, Omran"]
[Black "Schmidt, Harald"]
[Result "1-0"]
[WhiteElo "2270"]
[BlackElo "2347"]
[PlyCount "93"]
[EventDate "2023.04.18"]
[EventType "swiss (blitz)"]
[EventRounds "11"]
[EventCountry "USA"]
[SourceTitle "EXT 2024"]
[Source "ChessBase"]
[SourceDate "2023.10.10"]
[SourceVersion "1"]
[SourceVersionDate "2023.10.10"]
[SourceQuality "1"]

1. d4 Nf6 2. Nf3 g6 3. g3 Bg7 4. Bg2 0-0 5. 0-0 c5 6. d5 b5 7. c4 bxc4 8. Nc3 Bb7 9. e4 d6 10. Nd2 Nfd7 11. Re1 Nb6 12. Bf1 e6 13. Nxc4 exd5 14. Nxd5 Bxd5 15. exd5 Nxc4 16. Bxc4 Nd7 17. Bf1 Rb8 18. Rb1 Ne5 19. Bg2 Qa5 20. a3 Rfe8 21. Bd2 Qb5 22. Bc3 Qb3 23. Qxb3 Rxb3 24. f4 Nf3+ 25. Bxf3 Rxe1+ 26. Rxe1 Bxc3 27. bxc3 Rxc3 28. Kg2 Rxa3 29. Re8+ Kg7 30. Rd8 c4 31. Rxd6 Rd3 32. Rc6 c3 33. Kf2 a5 34. Be4 Rd2+ 35. Ke3 f5 36. Bd3 a4 37. Rxc3 Rxh2 38. d6 Kf6 39. Bc4 Rg2 40. Kd4 Rd2+ 41. Rd3 Rxd3+ 42. Kxd3 h6 43. Kd4 g5 44. Kc5 gxf4 45. gxf4 h5 46. Kc6 h4 47. d7 1-0

[Event "Titled Tuesday intern op 03rd Jan Late"]
[Site "Chess.com INT"]
[Date "2023.01.03"]
[Round "1"]
[White "De la Colina, Nicolas"]
[Black "Schmidt, Harald"]
[Result "0-1"]
[WhiteElo "2211"]
[BlackElo "2346"]
[PlyCount "106"]
[EventDate "2023.01.03"]
[EventType "swiss (blitz)"]
[EventRounds "11"]
[EventCountry "USA"]
[SourceTitle "EXT 2024"]
[Source "ChessBase"]
[SourceDate "2023.10.10"]
[SourceVersion "1"]
[SourceVersionDate "2023.10.10"]
[SourceQuality "1"]

1. e4 d6 2. d4 Nf6 3. Nc3 Nc6 4. Nf3 e5 5. d5 Ne7 6. h3 g6 7. Be3 Bg7 8. Qd2 0-0 9. 0-0-0 b5 10. Bxb5 Bd7 11. Bc4 Nxe4 12. Nxe4 f5 13. Qe2 fxe4 14. Ng5 Nf5 15. Nxe4 Nxe3 16. Qxe3 Rf4 17. g3 Rf8 18. f3 a5 19. h4 a4 20. h5 Bf5 21. hxg6 Bxg6 22. Bd3 a3 23. b3 Qe7 24. Nd2 e4 25. Nxe4 Qe5 26. c3 Rae8 27. Kb1 Qxc3 28. Nxc3 Rxe3 29. Bxg6 hxg6 30. Na4 Rfxf3 31. Rc1 Re7 32. Rhg1 Rf2 33. Rc2 Rxc2 34. Kxc2 Re2+ 35. Kb1 Rd2 36. Rc1 Rxd5 37. Rxc7 Rd3 38. Nb6 Rxg3 39. Nd5 g5 40. Ne7+ Kf8 41. Nf5 Rg1+ 42. Kc2 Rg2+ 43. Kd3 Be5 44. Ra7 Rxa2 45. Ke4 Rf2 46. Rxa3 Rf4+ 47. Kd5 Rxf5 48. Ke6 Rf3 49. Ra8+ Kg7 50. b4 g4 51. Ra7+ Kg6 52. Ra8 g3 53. Ra1 Bxa1 0-1

[Event "Titled Tuesday intern op 03rd Jan Late"]
[Site "Chess.com INT"]
[Date "2023.01.03"]
[Round "9"]
[White "Martynov, Pavel"]
[Black "Schmidt, Harald"]
[Result "0-1"]
[WhiteElo "2414"]
[BlackElo "2346"]
[PlyCount "84"]
[EventDate "2023.01.03"]
[EventType "swiss (blitz)"]
[EventRounds "11"]
[EventCountry "USA"]
[SourceTitle "EXT 2024"]
[Source "ChessBase"]
[SourceDate "2023.10.10"]
[SourceVersion "1"]
[SourceVersionDate "2023.10.10"]
[SourceQuality "1"]

1. e4 d6 2. d4 g6 3. Nc3 Bg7 4. Nge2 a6 5. g3 b5 6. a3 Bb7 7. Bg2 Nd7 8. 0-0 c5 9. Re1 e6 10. Be3 Ne7 11. e5 Bxg2 12. exd6 Bf3 13. dxe7 Qxe7 14. Qd2 0-0 15. d5 Rad8 16. Bg5 Nf6 17. Nf4 Qd6 18. Qe3 Bxd5 19. Rad1 Qc6 20. Bxf6 Bxf6 21. Ncxd5 exd5 22. Qf3 Bxb2 23. Nxd5 Kg7 24. c3 Rfe8 25. Rxe8 Rxe8 26. Qf4 Bxa3 27. h4 h5 28. g4 b4 29. gxh5 bxc3 30. h6+ Kh8 31. Rf1 c2 32. Ne3 Qe6 33. Qf3 c1Q 34. Rxc1 Bxc1 35. Ng4 Bb2 36. h5 Rg8 37. h7 Kxh7 38. Qf4 gxh5 39. f3 hxg4 40. fxg4 Rxg4+ 41. Kh2 Qh6+ 42. Qxh6+ Kxh6 0-1

[Event "Titled Tuesday intern op 03rd Jan Late"]
[Site "Chess.com INT"]
[Date "2023.01.03"]
[Round "11"]
[White "Schmidt, Harald"]
[Black "Gurevich, Dmitry"]
[Result "0-1"]
[WhiteElo "2346"]
[BlackElo "2393"]
[PlyCount "90"]
[EventDate "2023.01.03"]
[EventType "swiss (blitz)"]
[EventRounds "11"]
[EventCountry "USA"]
[SourceTitle "EXT 2024"]
[Source "ChessBase"]
[SourceDate "2023.10.10"]
[SourceVersion "1"]
[SourceVersionDate "2023.10.10"]
[SourceQuality "1"]

1. c4 c5 2. Nf3 b6 3. d4 cxd4 4. Nxd4 Bb7 5. Nc3 Nf6 6. Bg5 e6 7. e3 a6 8. Rc1 Be7 9. f3 h6 10. Bh4 0-0 11. Bd3 d6 12. 0-0 Nbd7 13. b3 Rc8 14. Bb1 Re8 15. Qd3 Qc7 16. Nde2 Ne5 17. Qd1 Ng6 18. Bf2 Bf8 19. Ng3 Ne5 20. Qc2 Qb8 21. Nh5 Ned7 22. Bh4 g5 23. Bg3 b5 24. cxb5 axb5 25. Qd3 b4 26. Ne2 Rxc1 27. Rxc1 e5 28. Nxf6+ Nxf6 29. e4 Rc8 30. Qd2 Rxc1+ 31. Nxc1 Ba6 32. Bd3 Bc8 33. Bc4 Be6 34. Bxe6 fxe6 35. Nd3 Nh5 36. Bf2 Nf4 37. Nxb4 Qc7 38. Be3 Bg7 39. g3 Ng6 40. Nd3 d5 41. Qc1 Qb7 42. Nc5 Qc6 43. b4 Bf8 44. a4 d4 45. Bd2 g4 0-1

[Event "Titled Tuesday intern op 03rd Jan Late"]
[Site "Chess.com INT"]
[Date "2023.01.03"]
[Round "2"]
[White "Schmidt, Harald"]
[Black "Wieczorek, Oskar"]
[Result "0-1"]
[WhiteElo "2346"]
[BlackElo "2505"]
[PlyCount "64"]
[EventDate "2023.01.03"]
[EventType "swiss (blitz)"]
[EventRounds "11"]
[EventCountry "USA"]
[SourceTitle "EXT 2024"]
[Source "ChessBase"]
[SourceDate "2023.10.10"]
[SourceVersion "1"]
[SourceVersionDate "2023.10.10"]
[SourceQuality "1"]

1. e4 c5 2. Nf3 e6 3. c3 d5 4. exd5 exd5 5. d4 Nf6 6. Be2 Bd6 7. 0-0 0-0 8. Re1 Nc6 9. Bg5 h6 10. Bh4 Be6 11. Bg3 Bxg3 12. hxg3 Qb6 13. Qb3 Ne4 14. Qxb6 axb6 15. Bd3 Bf5 16. Bxe4 dxe4 17. d5 exf3 18. dxc6 bxc6 19. gxf3 Rfd8 20. Na3 b5 21. Rad1 Rxd1 22. Rxd1 b4 23. Nc4 Be6 24. Ne5 Rxa2 25. Nxc6 Rxb2 26. cxb4 cxb4 27. Rd8+ Kh7 28. Rb8 b3 29. Kg2 Rd2 30. Ne5 f6 31. Nc6 b2 32. g4 Ba2 0-1

[Event "Titled Tuesday intern op 27th Dec Late"]
[Site "Chess.com INT"]
[Date "2022.12.27"]
[Round "10"]
[White "Estrada Nieto, Julian"]
[Black "Schmidt, Harald"]
[Result "1/2-1/2"]
[WhiteElo "2231"]
[BlackElo "2346"]
[PlyCount "140"]
[EventDate "2022.12.27"]
[EventType "swiss (blitz)"]
[EventRounds "11"]
[EventCountry "USA"]
[SourceTitle "EXT 2024"]
[Source "ChessBase"]
[SourceDate "2023.10.10"]
[SourceVersion "1"]
[SourceVersionDate "2023.10.10"]
[SourceQuality "1"]

1. e4 d6 2. d4 e5 3. Nf3 exd4 4. Nxd4 Nc6 5. Nc3 Nf6 6. Bb5 Bd7 7. 0-0 Be7 8. Bxc6 bxc6 9. Qf3 0-0 10. e5 dxe5 11. Nxc6 Bxc6 12. Qxc6 Bb4 13. Bg5 Qd6 14. Qxd6 cxd6 15. Bxf6 Bxc3 16. Bxg7 Kxg7 17. bxc3 Rac8 18. Rfd1 Rxc3 19. Rxd6 Rxc2 20. Ra6 Rfc8 21. g3 R8c7 22. Re1 f6 23. Re3 R2c6 24. Rea3 Rxa6 25. Rxa6 Kg6 26. Kg2 Kf5 27. Kf3 h5 28. h3 Rb7 29. g4+ hxg4+ 30. hxg4+ Kg5 31. Kg3 Rc7 32. f3 Rd7 33. a4 Rc7 34. a5 Rd7 35. Kf2 Rc7 36. Ke3 Rc3+ 37. Ke4 Rc4+ 38. Kd3 Rc7 39. Re6 Rf7 40. a6 Kf4 41. Ke2 Kg5 42. Rc6 Rd7 43. Ke3 Rh7 44. Rc8 Rd7 45. Rg8+ Kh6 46. Rb8 Rd6 47. Ke4 Rxa6 48. Kf5 Rb6 49. Ra8 a6 50. Ra7 Rc6 51. Ra8 Rb6 52. Ra7 Rc6 53. Rb7 Rc3 54. Kxf6 Rxf3+ 55. Kxe5 Ra3 56. Kf5 Rf3+ 57. Ke4 Ra3 58. Rb8 a5 59. Kf4 a4 60. Rb6+ Kg7 61. Kg5 Ra1 62. Rb7+ Kf8 63. Ra7 a3 64. Kg6 a2 65. g5 Ke8 66. Kg7 Rg1 67. Rxa2 Rxg5+ 68. Kf6 Rb5 69. Ra6 Kd7 70. Ra7+ Kc6 1/2-1/2

[Event "Titled Tuesday intern op 27th Dec Late"]
[Site "Chess.com INT"]
[Date "2022.12.27"]
[Round "7"]
[White "Papayan, Oleg"]
[Black "Schmidt, Harald"]
[Result "1-0"]
[WhiteElo "2253"]
[BlackElo "2346"]
[PlyCount "97"]
[EventDate "2022.12.27"]
[EventType "swiss (blitz)"]
[EventRounds "11"]
[EventCountry "USA"]
[SourceTitle "EXT 2024"]
[Source "ChessBase"]
[SourceDate "2023.10.10"]
[SourceVersion "1"]
[SourceVersionDate "2023.10.10"]
[SourceQuality "1"]

1. e4 e5 2. Nf3 Nc6 3. Bb5 Nf6 4. 0-0 Nxe4 5. Re1 Nd6 6. Nxe5 Nxe5 7. Rxe5+ Be7 8. Bf1 0-0 9. d4 Bf6 10. Re1 c6 11. Bd3 Nb5 12. c3 d5 13. Nd2 Nd6 14. h3 Bf5 15. Nf3 Bxd3 16. Qxd3 Ne4 17. Bf4 Re8 18. Ne5 Bxe5 19. Bxe5 Qd7 20. f3 Nd6 21. b3 f6 22. Bf4 Qf5 23. Qxf5 Nxf5 24. g4 Nh4 25. Kf2 Kf7 26. a4 a6 27. c4 Rad8 28. c5 Ng6 29. Bd6 Nf8 30. Bxf8 Kxf8 31. Re3 Kf7 32. Ke2 Rxe3+ 33. Kxe3 h5 34. b4 Re8+ 35. Kd3 f5 36. g5 f4 37. h4 Re3+ 38. Kd2 Rxf3 39. b5 axb5 40. axb5 Ke6 41. Ra7 cxb5 42. Rxb7 Kf5 43. Rxg7 Ke4 44. c6 Kxd4 45. c7 Rc3 46. Rf7 b4 47. g6 Rd3+ 48. Ke2 Rc3 49. g7 1-0

[Event "Titled Tuesday intern op 27th Dec Late"]
[Site "Chess.com INT"]
[Date "2022.12.27"]
[Round "1"]
[White "Schmidt, Harald"]
[Black "Mroziak, Maciej"]
[Result "1/2-1/2"]
[WhiteElo "2346"]
[BlackElo "2338"]
[PlyCount "114"]
[EventDate "2022.12.27"]
[EventType "swiss (blitz)"]
[EventRounds "11"]
[EventCountry "USA"]
[SourceTitle "EXT 2024"]
[Source "ChessBase"]
[SourceDate "2023.10.10"]
[SourceVersion "1"]
[SourceVersionDate "2023.10.10"]
[SourceQuality "1"]

1. c4 e6 2. g3 d5 3. Bg2 Nf6 4. b3 c6 5. Bb2 Nbd7 6. Nf3 Bd6 7. 0-0 0-0 8. d4 Qe7 9. Nc3 Re8 10. e3 b6 11. cxd5 exd5 12. Rc1 Bb7 13. Qd3 a6 14. Rfd1 Ne4 15. Nd2 Ndf6 16. Ndxe4 Nxe4 17. Nxe4 dxe4 18. Qc2 h5 19. Qc3 Bb4 20. Qc2 h4 21. Qc4 b5 22. Qe2 Qg5 23. a4 Rad8 24. Bc3 Ba3 25. Ra1 Bd6 26. Ba5 Rc8 27. Rdc1 Qf5 28. Bb6 h3 29. Bf1 Bb4 30. Bc5 a5 31. axb5 cxb5 32. Qxb5 Bc6 33. Qa6 Bd5 34. Bxb4 axb4 35. Rxc8 Rxc8 36. Qb5 Rc2 37. Be2 g5 38. g4 Qc8 39. Qxd5 Rc1+ 40. Rxc1 Qxc1+ 41. Bf1 Qd1 42. Qxg5+ Kf8 43. Qc5+ Kg7 44. Qf5 Qxb3 45. Qxe4 Qd1 46. Qe5+ Kf8 47. Qc5+ Kg8 48. Qg5+ Kf8 49. Qh6+ Ke8 50. Qxh3 b3 51. d5 b2 52. Qh8+ Kd7 53. Qxb2 Qxg4+ 54. Kh1 Qf3+ 55. Kg1 Qg4+ 56. Kh1 Qf3+ 57. Kg1 Qg4+ 1/2-1/2

[Event "Titled Tuesday intern op 22nd Nov Late"]
[Site "Chess.com INT"]
[Date "2022.11.22"]
[Round "2"]
[White "Tomaszewski, Kacper"]
[Black "Schmidt, Harald"]
[Result "0-1"]
[WhiteElo "2313"]
[BlackElo "2340"]
[PlyCount "80"]
[EventDate "2022.11.22"]
[EventType "swiss (blitz)"]
[EventRounds "11"]
[EventCountry "USA"]
[SourceTitle "CBM 211 Extra"]
[Source "ChessBase"]
[SourceDate "2023.01.31"]
[SourceVersion "1"]
[SourceVersionDate "2023.01.31"]
[SourceQuality "1"]

1. Nf3 c5 2. e3 d5 3. b3 a6 4. Bb2 Bg4 5. h3 Bxf3 6. Qxf3 e6 7. d3 Nf6 8. Nd2 Be7 9. g4 0-0 10. Bg2 Nc6 11. 0-0 Rc8 12. Qg3 b5 13. f4 c4 14. Nf3 Nb4 15. g5 Ne8 16. f5 exf5 17. Qe5 Bd6 18. Qxf5 Nxc2 19. Ne5 Nxe3 20. Nxf7 Nxf5 21. Nxd8 Rxd8 22. Bxd5+ Kh8 23. Be6 Bc5+ 24. d4 Bxd4+ 25. Bxd4 Rxd4 26. Rxf5 Rxf5 27. Bxf5 Rd5 28. Rf1 Nd6 29. Bc8 Rxg5+ 30. Kh2 g6 31. bxc4 bxc4 32. Bxa6 Ra5 33. Rf8+ Kg7 34. Ra8 c3 35. Ra7+ Kh6 36. Kg3 c2 37. Rc7 Nf5+ 38. Kf2 Rxa2 39. Be2 Nd4 40. Ke3 Nxe2 0-1

[Event "Titled Tuesday intern op 04th Oct Late"]
[Site "Chess.com INT"]
[Date "2022.10.04"]
[Round "1"]
[White "Schmidt, Harald"]
[Black "Hasangatin, Ramil"]
[Result "1-0"]
[WhiteElo "2340"]
[BlackElo "2457"]
[PlyCount "71"]
[EventDate "2022.10.04"]
[EventType "swiss (blitz)"]
[EventRounds "11"]
[EventCountry "USA"]
[SourceTitle "EXT 2023"]
[Source "ChessBase"]
[SourceDate "2022.10.05"]
[SourceVersion "1"]
[SourceVersionDate "2022.10.05"]
[SourceQuality "1"]

1. e4 d5 2. exd5 Qxd5 3. Nc3 Qd6 4. Nf3 Nf6 5. Be2 c6 6. 0-0 Bg4 7. Re1 Nbd7 8. d4 e6 9. Ne5 Nxe5 10. dxe5 Qxd1 11. Bxd1 Bxd1 12. Rxd1 Nd5 13. Ne4 0-0-0 14. a3 b5 15. Bg5 Rd7 16. a4 h6 17. Bd2 Kb7 18. axb5 cxb5 19. b3 Be7 20. c4 Nc7 21. c5 Rd3 22. Nd6+ Kb8 23. Ba5 Rxd1+ 24. Rxd1 Nd5 25. c6 Bd8 26. Nxf7 Bxa5 27. Nxh8 Kc7 28. Ng6 Kxc6 29. Nf8 Bc3 30. Nxe6 Bxe5 31. g3 Nc3 32. Re1 Kd5 33. f4 Bf6 34. g4 Bh4 35. Re5+ Kd6 36. Nxg7 1-0

[Event "Titled Tuesday intern op 09th Aug Late"]
[Site "Chess.com INT"]
[Date "2022.08.09"]
[Round "4"]
[White "Schmidt, Harald"]
[Black "Malka, Samuel"]
[Result "0-1"]
[WhiteElo "2340"]
[BlackElo "2185"]
[PlyCount "90"]
[EventDate "2022.08.09"]
[EventType "swiss (blitz)"]
[EventRounds "11"]
[EventCountry "USA"]
[SourceTitle "EXT 2023"]
[Source "ChessBase"]
[SourceDate "2022.10.05"]
[SourceVersion "1"]
[SourceVersionDate "2022.10.05"]
[SourceQuality "1"]

1. e4 e5 2. Nf3 Nc6 3. Nc3 Nf6 4. Bb5 Nd4 5. 0-0 c6 6. Bc4 Nxf3+ 7. Qxf3 Bc5 8. d3 h6 9. Be3 Bxe3 10. fxe3 d6 11. a4 Be6 12. a5 Bxc4 13. dxc4 0-0 14. Rfd1 Qe7 15. Rd2 Nd7 16. Rad1 Nc5 17. Rxd6 Rad8 18. Rxd8 Rxd8 19. b4 Ne6 20. c5 Rxd1+ 21. Qxd1 Kh7 22. Qg4 g6 23. Qg3 Nc7 24. Qf2 Na6 25. Na2 Qe6 26. c3 Kg7 27. Qc2 Nc7 28. Nc1 Qc4 29. Qd3 Qe6 30. c4 Na6 31. Qc3 f6 32. Nd3 Qg4 33. h3 Qxe4 34. Kf2 Nc7 35. Ne1 h5 36. Qd3 Qxd3 37. Nxd3 Kf7 38. e4 Ke6 39. Ke3 f5 40. g3 a6 41. h4 Kf6 42. Nb2 Ne6 43. Na4 f4+ 44. Kf3 g5 45. hxg5+ Nxg5+ 0-1

[Event "Titled Tuesday intern op 19th Jul Late"]
[Site "Chess.com INT"]
[Date "2022.07.19"]
[Round "3"]
[White "Cruz, Jonathan"]
[Black "Schmidt, Harald"]
[Result "1-0"]
[WhiteElo "2375"]
[BlackElo "2340"]
[PlyCount "81"]
[EventDate "2022.07.19"]
[EventType "swiss (blitz)"]
[EventRounds "11"]
[EventCountry "USA"]
[SourceTitle "EXT 2023"]
[Source "ChessBase"]
[SourceDate "2022.10.05"]
[SourceVersion "1"]
[SourceVersionDate "2022.10.05"]
[SourceQuality "1"]

1. Nf3 d6 2. d4 g6 3. Nc3 Bg7 4. e4 a6 5. a4 Nd7 6. Bc4 e6 7. Bg5 Ne7 8. Qd2 h6 9. Be3 b6 10. 0-0 Bb7 11. Rfe1 c6 12. b4 d5 13. Bb3 Rc8 14. a5 Nf6 15. axb6 dxe4 16. Ne5 Nf5 17. Na4 0-0 18. c4 Nd7 19. Nxd7 Qxd7 20. Nc5 Qe7 21. Nxb7 Qxb7 22. c5 Rcd8 23. Qc2 Nxd4 24. Bxd4 Rxd4 25. Bc4 Rfd8 26. Bxa6 Qb8 27. Rad1 Qf4 28. Rxd4 Rxd4 29. b7 Rxb4 30. g3 Qe5 31. Rb1 Rxb1+ 32. Qxb1 Qb8 33. Qxe4 Kh7 34. Qxc6 Be5 35. Qd7 Kg7 36. c6 Qa7 37. Bf1 Bd4 38. Qxd4+ Qxd4 39. b8Q Qc5 40. c7 Qd5 41. c8Q 1-0

[Event "Titled Tuesday intern op 19th Jul Late"]
[Site "Chess.com INT"]
[Date "2022.07.19"]
[Round "2"]
[White "Jaferian, Koosha"]
[Black "Schmidt, Harald"]
[Result "1-0"]
[WhiteElo "2213"]
[BlackElo "2340"]
[PlyCount "63"]
[EventDate "2022.07.19"]
[EventType "swiss (blitz)"]
[EventRounds "11"]
[EventCountry "USA"]
[SourceTitle "EXT 2023"]
[Source "ChessBase"]
[SourceDate "2022.10.05"]
[SourceVersion "1"]
[SourceVersionDate "2022.10.05"]
[SourceQuality "1"]

1. Nf3 d6 2. d4 g6 3. b3 Bg7 4. Bb2 f5 5. g3 Nf6 6. Bg2 0-0 7. 0-0 c6 8. c4 a5 9. Nc3 Na6 10. a3 Bd7 11. e3 Kh8 12. Qc2 Qe8 13. d5 Nc7 14. Nd4 cxd5 15. Nxd5 Ncxd5 16. cxd5 Rc8 17. Qd3 Qd8 18. Rfc1 Qb6 19. Bf3 Rxc1+ 20. Rxc1 Rc8 21. Rxc8+ Bxc8 22. Qc4 Bd7 23. Bc3 Ne4 24. Bxe4 fxe4 25. Ne6 Bxe6 26. dxe6 Bxc3 27. Qxc3+ Kg8 28. Qc8+ Kg7 29. Qe8 Qxb3 30. Qxe7+ Kh6 31. Qf8+ Kh5 32. e7 1-0

[Event "Titled Tuesday intern op 19th Jul Late"]
[Site "Chess.com INT"]
[Date "2022.07.19"]
[Round "9"]
[White "Schmidt, Harald"]
[Black "Martin Barcelo, Carles"]
[Result "0-1"]
[WhiteElo "2340"]
[BlackElo "2221"]
[PlyCount "86"]
[EventDate "2022.07.19"]
[EventType "swiss (blitz)"]
[EventRounds "11"]
[EventCountry "USA"]
[SourceTitle "EXT 2023"]
[Source "ChessBase"]
[SourceDate "2022.10.05"]
[SourceVersion "1"]
[SourceVersionDate "2022.10.05"]
[SourceQuality "1"]

1. e4 c6 2. d4 d5 3. e5 Bf5 4. c4 e6 5. Nc3 Ne7 6. Nge2 h5 7. Nf4 g6 8. h4 Nd7 9. cxd5 Nxd5 10. Nfxd5 cxd5 11. Qb3 Qb6 12. Bb5 Be7 13. Be3 Rd8 14. Bxd7+ Rxd7 15. Qxb6 axb6 16. Ke2 0-0 17. Bg5 Bb4 18. Rhc1 Rc8 19. Nb5 Rc6 20. Na7 Rcc7 21. a3 Bf8 22. Nb5 Rc6 23. Rc3 Bc2 24. Na7 Rxc3 25. bxc3 Ba4 26. Rb1 Rc7 27. Kd2 b5 28. Nxb5 Bxb5 29. Rxb5 Bxa3 30. Ra5 Be7 31. Bxe7 Rxe7 32. Rc5 Kf8 33. c4 dxc4 34. Kc3 Rd7 35. Kxc4 Ke7 36. f4 Kd8 37. Kb5 Rxd4 38. g3 Rd3 39. Kb6 Rb3+ 40. Ka7 Rxg3 41. Kxb7 Rg4 42. Kc6 Ke7 43. Rc4 Rxh4 0-1

[Event "Titled Tuesday intern op 19th Jul Late"]
[Site "Chess.com INT"]
[Date "2022.07.19"]
[Round "8"]
[White "Toncheva, Nadya"]
[Black "Schmidt, Harald"]
[Result "1-0"]
[WhiteElo "2228"]
[BlackElo "2340"]
[PlyCount "97"]
[EventDate "2022.07.19"]
[EventType "swiss (blitz)"]
[EventRounds "11"]
[EventCountry "USA"]
[SourceTitle "EXT 2023"]
[Source "ChessBase"]
[SourceDate "2022.10.05"]
[SourceVersion "1"]
[SourceVersionDate "2022.10.05"]
[SourceQuality "1"]

1. e4 d6 2. d4 g6 3. h4 h5 4. Nf3 Bg4 5. Nc3 Nd7 6. Bc4 Bg7 7. Bxf7+ Kxf7 8. Ng5+ Ke8 9. f3 Ndf6 10. fxg4 Qd7 11. gxh5 Nxh5 12. d5 Bxc3+ 13. bxc3 Qa4 14. Qd4 Qxd4 15. cxd4 Ngf6 16. Rh3 c6 17. dxc6 bxc6 18. Rb1 a5 19. Rb7 a4 20. Rf3 Ng7 21. g3 Rf8 22. Ba3 Nd7 23. Rxf8+ Nxf8 24. Bxd6 exd6 25. Rxg7 Rb8 26. Ra7 Rb2 27. Rxa4 Rxc2 28. Ra8+ Ke7 29. a4 Rc4 30. Nf3 Rc3 31. Ke2 Ra3 32. a5 Ne6 33. Ra7+ Kf6 34. g4 g5 35. h5 Nf4+ 36. Kf2 Nd3+ 37. Kg2 Nf4+ 38. Kf2 Nd3+ 39. Kf1 Nf4 40. e5+ dxe5 41. dxe5+ Ke6 42. Nxg5+ Kxe5 43. h6 Ra1+ 44. Kf2 Ra2+ 45. Ke1 Kd4 46. h7 Nd3+ 47. Kf1 Rh2 48. Nf7 Ke3 49. Re7+ 1-0

[Event "Titled Tuesday intern op 14th Dec"]
[Site "Chess.com INT"]
[Date "2021.12.14"]
[Round "3"]
[White "Schmidt, Harald"]
[Black "Korkmaz, Necmettin"]
[Result "1-0"]
[WhiteElo "2348"]
[BlackElo "2106"]
[PlyCount "93"]
[EventDate "2021.12.14"]
[EventType "swiss (blitz)"]
[EventRounds "11"]
[EventCountry "USA"]
[SourceTitle "EXT 2023"]
[Source "ChessBase"]
[SourceDate "2022.10.05"]
[SourceVersion "1"]
[SourceVersionDate "2022.10.05"]
[SourceQuality "1"]

1. Nf3 d5 2. g3 Nf6 3. Bg2 g6 4. 0-0 Bg7 5. c4 c6 6. b3 0-0 7. Bb2 Re8 8. d4 Ne4 9. Nbd2 Bf5 10. Rc1 Nd7 11. e3 Qa5 12. a3 Rad8 13. b4 Qa6 14. Qb3 Nb6 15. c5 Na4 16. Ba1 Rc8 17. Rfe1 b5 18. cxb6 axb6 19. Nxe4 Bxe4 20. Bf1 b5 21. Ne5 f6 22. Nd3 Bxd3 23. Bxd3 Nb6 24. e4 Nc4 25. Bb2 e5 26. dxe5 fxe5 27. Rcd1 d4 28. Rc1 Kh8 29. Bxc4 bxc4 30. Rxc4 Red8 31. Rd1 Qb5 32. Qc2 Bf8 33. f4 c5 34. fxe5 Bg7 35. Rxc5 Rxc5 36. Qxc5 Qe2 37. Rxd4 Rf8 38. Qc1 Qf2+ 39. Kh1 Bxe5 40. Rd2 Qf3+ 41. Kg1 Qxe4 42. Bxe5+ Qxe5 43. Qb2 Qxb2 44. Rxb2 Ra8 45. b5 Kg7 46. b6 Rb8 47. b7 1-0

[Event "Titled Tuesday intern op 14th Dec"]
[Site "Chess.com INT"]
[Date "2021.12.14"]
[Round "5"]
[White "Schmidt, Harald"]
[Black "Tsyhanchuk, Stanislav"]
[Result "0-1"]
[WhiteElo "2348"]
[BlackElo "2283"]
[PlyCount "78"]
[EventDate "2021.12.14"]
[EventType "swiss (blitz)"]
[EventRounds "11"]
[EventCountry "USA"]
[SourceTitle "EXT 2023"]
[Source "ChessBase"]
[SourceDate "2022.10.05"]
[SourceVersion "1"]
[SourceVersionDate "2022.10.05"]
[SourceQuality "1"]

1. e4 c5 2. Nf3 d6 3. c3 Nf6 4. h3 Nc6 5. Bd3 g6 6. Bc2 Bg7 7. d4 0-0 8. d5 Ne5 9. Nxe5 dxe5 10. c4 e6 11. Nc3 exd5 12. cxd5 Bd7 13. a4 a6 14. Be3 Qc7 15. a5 Ne8 16. 0-0 Nd6 17. Qe2 f5 18. f3 f4 19. Bf2 Nb5 20. Ba4 Nd4 21. Qc4 Rac8 22. Rfc1 Bxa4 23. Nxa4 Qxa5 24. Nxc5 Qd2 25. d6+ Kh8 26. d7 Rxc5 27. Qxc5 Ne2+ 28. Kh2 Nxc1 29. Qxf8+ Bxf8 30. Rxc1 Qxd7 31. Bb6 Bd6 32. Ba5 Kg7 33. Rd1 Qc6 34. Bc3 Kf6 35. h4 h5 36. Rd5 b5 37. g3 b4 38. Bd2 fxg3+ 39. Kxg3 Ke6 0-1

[Event "Titled Tuesday intern op 23rd Nov"]
[Site "Chess.com INT"]
[Date "2021.11.23"]
[Round "2"]
[White "Schmidt, Harald"]
[Black "Arencibia Monduy, Antonio"]
[Result "0-1"]
[WhiteElo "2351"]
[BlackElo "2133"]
[PlyCount "48"]
[EventDate "2021.11.23"]
[EventType "swiss (blitz)"]
[EventRounds "11"]
[EventCountry "USA"]
[SourceTitle "CBM 205 Extra"]
[Source "ChessBase"]
[SourceDate "2022.01.31"]
[SourceVersion "1"]
[SourceVersionDate "2022.01.31"]
[SourceQuality "1"]

1. e4 e6 2. d4 d5 3. Nd2 Nf6 4. e5 Nfd7 5. Bd3 c5 6. Ngf3 Nc6 7. 0-0 cxd4 8. Re1 Qc7 9. Qe2 Be7 10. Nb3 0-0 11. Nbxd4 Ndxe5 12. Nxe5 Nxd4 13. Qh5 f5 14. Bf4 Bd6 15. c4 Nc6 16. Nxc6 Bxf4 17. Nd4 dxc4 18. g3 cxd3 19. gxf4 Qxf4 20. Nf3 Bd7 21. Ne5 Bc6 22. Re3 d2 23. Rd1 Rad8 24. h3 Be4 0-1